Avoiding the Subject (Record no. 60877)

MARC details
000 -LEADER
fixed length control field 01982nam a2200217Ii 4500
008 - FIXED-LENGTH DATA ELEMENTS--GENERAL INFORMATION
fixed length control field 221202s xx 000 0 und d
100 1# - MAIN ENTRY--PERSONAL NAME
Personal name Clemens, Justin,
Relator term author
245 #0 - TITLE STATEMENT
Title Avoiding the Subject
246 ## - VARYING FORM OF TITLE
Title proper/short title Media, Culture and the Object
264 ## - PRODUCTION, PUBLICATION, DISTRIBUTION, MANUFACTURE, AND COPYRIGHT NOTICE
Name of producer, publisher, distributor, manufacturer Amsterdam University Press
Date of production, publication, distribution, manufacture, or copyright notice 2004
300 ## - PHYSICAL DESCRIPTION
Extent 1 online resource (216 pages)
336 ## - CONTENT TYPE
Content type term text
Content type code txt
Source rdacontent
337 ## - MEDIA TYPE
Media type term computer
Media type code c
Source rdamedia
338 ## - CARRIER TYPE
Carrier type term online resource
Carrier type code cr
Source rdacarrier
520 ## - SUMMARY, ETC.
Summary, etc. What can Roger Rabbit tell us about the Second Gulf War? What can a woman married to the Berlin Wall tell us about posthumanism and inter-subjectivity? What can DJ Shadow tell us about the end of history? What can our local bus route tell us about the fortification of the West? What can Reality TV tell us about the crisis of contemporary community? And what can unauthorized pictures of Osama Bin Laden tell us about new methods of popular propaganda? These are only some of the thought-provoking questions raised in this lively and erudite collection of inter-related essays on the postmillennial mediascape. Students and teachers of visual culture, critical theory, cultural studies, film theory, and new media, will find a wealth of ideas and insights in this fresh approach to the electronic environment. Avoiding the Subject argues for a new sensitivity and empathy towards objects (including, and especially, human objects - such as refugees, enemy combatants, collateral damage, etc.). Whether the focus be on the specifically postcolonial trauma of Australian detention centers, or the viral mutations of propaganda in the age of the internet, each chapter attempts to avoid the subject in order to escape the egocentric confines of our own subjective perspectives.
653 ## - INDEX TERM--UNCONTROLLED
Uncontrolled term Film
653 ## - INDEX TERM--UNCONTROLLED
Uncontrolled term Motion Pictures
700 1# - ADDED ENTRY--PERSONAL NAME
Personal name Pettman, Dominic
856 ## - ELECTRONIC LOCATION AND ACCESS
Uniform Resource Identifier <a href="https://library.oapen.org/bitstream/20.500.12657/35132/1/340214.pdfhttp://library.oapen.org/handle/20.500.12657/35132">https://library.oapen.org/bitstream/20.500.12657/35132/1/340214.pdfhttp://library.oapen.org/handle/20.500.12657/35132</a>
942 ## - ADDED ENTRY ELEMENTS (KOHA)
Koha item type E-Book
Holdings
Withdrawn status Damaged status Not for loan Home library Current library Date acquired Total Checkouts Date last seen Price effective from Koha item type
      Directory of Open Access Books Directory of Open Access Books 11/28/2022   11/28/2022 11/28/2022 E-Book

University of Rizal System
Email us at univlibservices@urs.edu.ph

Visit our Website www.urs.edu.ph/library